000 00709nam a2200229 a 4500
001 BRCA_6535
005 20190320205509.0
008 290911s1918----mx-a######---#000-0#spa-#
041 _aspa
044 _amx
050 4 _aQB1
_b.L66 1918
245 1 0 _aAnuario astronomico y meteorológico para 1919
_barreglado exclusivamente para la República Mexicana
_cElpidio López
260 _aParís; México
_bVda. de Ch. Bouret
_c1918
300 _a1 v.
_bil.
_c18 cm.
500 _aEstado físico: Encuadernación desprendida
500 _aL75
504 _aBibliografía: p. 147-148
650 1 4 _aAstronomía
_vAnuarios
_916314
650 1 4 _aMeteorología
_vAnuarios
_916315
902 _aGFM
942 _2lcc
_cB
999 _c6219
_d6219